| 000 | 00892nam a2200229Ii 4500 | ||
|---|---|---|---|
| 003 | JO-AjNU | ||
| 008 | 230605s9999||||xx |||||||||||||| ||und|| | ||
| 017 | _a2007/5/1341 | ||
| 020 | _a978-9957-70-015-7 | ||
| 040 |
_aJO-AjNU _bara _erda _cJO-AjNU |
||
| 041 | _aara | ||
| 050 | 1 | 4 | _aBP940.32.K33.K5322 2008 |
| 100 | 3 |
_aخصاونة، أحمد سليمان, _eauthor _928351 |
|
| 245 | 0 | 0 | _aالمصارف الإسلامية مقررات لجنة بازل - تحديات العولمة - استراتيجية مواجهتها |
| 250 | _aط1 | ||
| 264 | 3 | 1 | _aاربد: عالم الكتب الحديث للنشر والتوزيع، 2008 |
| 300 |
_a331ص _bالمراجع ص313-331 |
||
| 336 |
_atext _btxt _2rdacontent |
||
| 337 |
_aunmediated _bn _2rdamedia |
||
| 338 |
_avolume _bnc _2rdacarrier |
||
| 650 | 4 |
_aالبنوك الاسلامية - الاقتصاد الاسلامي _928352 |
|
| 999 |
_aA10986 _c14554 _d14554 |
||